Statistics for Geographical Locations Starting with F

Click here to take the quiz!

General Stats

  • This quiz has been taken 79 times
  • The average score is 15 of 20

Answer Stats

HintAnswer% Correct
One of the Nordic countriesFinland
99%
Country in Western EuropeFrance
96%
Highest mountain in JapanMount {Fuji}
96%
Pink birds associated with Florida, USAFlamingo
93%
Islands off the coast of Argentina also known as Las Malvinas{Falkland} Islands
91%
Any extensive area dominated by communities of treesForest
89%
One if the imperial cities of MoroccoFez
84%
The capital city of Sierra LeoneFreetown
84%
Term used by Europeans to describe the region of South-East Asia, Japan, etc{Far} {East}
83%
A long, narrow marine inlet with steep sides or cliffs created by glacial erosionFjord
83%
A province of Tuscany, ItalyFlorence
83%
Overseas department of France in South America{French} {Guiana}
81%
Language spoken in IranFarsi
79%
Capital of TuvaluFunafuti
67%
The name given to Taiwan island by the Portuguese colonists in the 16th century.Formosa
66%
Overseas territory of France in Oceania{French} {Polynesia}
64%
Self governing islands of Denmark in the N. Atlantic Ocean between Scotland and IcelandThe {Faroe} Islands
57%
Region in the Middle East believed to be the cradle of civilization{Fertile} {Crescent}
53%
Slang for San Francisco, CaliforniaFrisco
50%
Ancient German tribeFranks
49%

Score Distribution

Percentile by Number Answered

Percent of People with Each Score

Your Score History

You have not taken this quiz